Представление документа в формате RUSMARC

ПолеНазваниеЗначение
  Тип записи a
  Библиографический уровень m
001 Контрольный номер RU/УОНБ/EK/616506799
005 Дата корректировки 20250703120933.6
010 Индекс ISBN __
d Цена 75 к.
9 Тираж 2500 экз.
100 Данные общей обработки __
a Данные общей обработки 20190715d1981 u y0rusy0189||||ca
101 Язык документа 0_
a Язык текста rus
102 Страна публикации __
a Страна публикации RU
105 Кодированные данные (монография) __
a Кодированные данные (монография) a z 010yy
200 Заглавие и сведения об ответственности 1_
a Заглавие Искусство Монголии
e Сведения, относящиеся к заглавию кат. выставки
e Сведения, относящиеся к заглавию дни культуры МНР в СССР, посвящ. 60-летию Монг. нар. революции
f Первые сведения об ответственности М-во культуры СССР, М-во культуры МНР [и др.]
g Последующие сведения об ответственности [сост. Д. Дашбалдан и др.
g Последующие сведения об ответственности вступ. ст. Т.В. Сергеевой]
210 Выходные данные 1_
a Место издания Москва
c Издательство Сов. художник
d Дата издания 1981
215 Физическое описание __
a Объем [18] с.
c Иллюстрации/тип воспроизводства ил., 10 л. ил., цв. ил.
d Формат 29 см
606 Тематические рубрики 0_
a Основная рубрика Монгольское изобразительное искусство
y Географическая подрубрика Москва
j Формальный подзаголовок Выставки
606 Тематические рубрики 0_
a Основная рубрика Монгольское декоративно-прикладное искусство
y Географическая подрубрика Москва
j Формальный подзаголовок Выставки, 1981
610 Ключевые слова 0_
a Ключевые слова Монголия - искусство
610 Ключевые слова 0_
a Ключевые слова монгольское изобразительное искусство
610 Ключевые слова 0_
a Ключевые слова декоративно-прикладное искусство монгольское
686 Индексы других классификаций __
a Классификационный индекс 85.103(5)
2 Код системы rubbk
702 Вторичная интеллектуальная ответственность _0
a Фамилия Дашбалдан
b Имя (инициалы) Д.
4 Код отношения 220
702 Вторичная интеллектуальная ответственность _1
a Фамилия Сергеева
b Имя (инициалы) Т.В.
4 Код отношения 080
712 Наименование организации (Вторичная ответственность) 02
a Организация/ юрисдикция Министерство культуры СССР
b Другие уровни Государственный музей искусства народов Востока
4 Код отношения 570
712 Наименование организации (Вторичная ответственность) 02
a Организация/ юрисдикция Министерство культуры МНР
b Другие уровни Музей изобразительных искусств МНР
4 Код отношения 570
801 Источник записи _0
a Страна RU
b Организация Ульяновская ОНБ
c Дата составления 20190715
g Правила каталогизации RCR
801 Источник записи _1
a Страна RU
b Организация Ульяновская ОНБ
c Дата составления 20190715
g Правила каталогизации RCR
901 Тип документа __
t Тип документа m
909 Создатель записи __
a Создатель записи Балакирева
938 Служебная информация __
a Имя БД retro
b Имя библиотеки УОНБ
c Имя АИБС МАРК-SQL
d Номер DOC_ID в БД 299936